Former Countries of Egypt, Sudan, and Libya - Statistics

General Stats
  • This quiz has been taken 3 times
  • The average score is 4 of 18
Answer Stats
Time Period Former Country % Correct
(1517–1867) Egypt Eyalet
100%
(1949–1951) Emirate of Cyrenaica
67%
(1918–1922) Tripolotanian Republic
67%
(1550–1812) Fezzan Sultanate
33%
(1250–1517) Mamluk Sultanate
33%
(1603–1874/1898–1916) Sultanate of Darfur
33%
(1958–1971) United Arab Republic
33%
(6th century–1504) Alodia
0%
(1750–1969) Taqali
0%
(1228 – 1551) Emirate of Banu Talis
0%
(13th century–15th/16th century?) Kingdom of al-Abwab
0%
(c. 1500–1685) Kingdom of Fazughli
0%
(1885–1899) Mahdist State
0%
(5th century–1518) Makuria
0%
(1837–1932) Senussi Order
0%
(15th century–1861) Shilluk Kingdom
0%
(1919) Sultanate of Mit Ghamr
0%
(1504–1821) Sultanate of Sennar
0%
No matching quizzes found
Score Distribution
Percent of People with Each Score
Percentile by Number Answered
Your Score History
You have not taken this quiz